True or False Blitz: Entertainment Quiz Stats

 Plays Quiz Updated Oct 29, 2018

Score 0/20 Timer 02:00
0 Plays Today
Question Answer Wrong Answers
CARTOONS: Disney's Goofy is a horse False
88.5%
True
6.1%
THEATER: 'Riverdance' is a theatrical show showcasing the music and culture of Germany False
81.2%
True
13%
MUSICALS: 'Kiss me Kate' was based on Shakespeare's 'The Taming of the Shrew' True
78.9%
False
15.4%
ANIMATION: 'The Flintstones,' 'Wacky Races,' and 'The Smurfs' were all produced by Hanna-Barbera True
78.6%
False
15.8%
SUPERHEROES: Wonder Woman was a founding member of the Justice League True
77.9%
False
16.5%
MUSICALS: Idina Menzel starred in the original Broadway production of 'Wicked' True
76.5%
False
17.9%
ANIME: 'Dragon Ball' was written and illustrated by Akira Toriyama True
75.5%
False
18.8%
SUPERHEROES: Batman is a character in Marvel Comics False
70.3%
True
24.3%
CULTURE: Teatro Colón is an opera house in Buenos Aires True
68.9%
False
25.3%
ARTS: Margot Fonteyn was most famous for being a sculptor False
66.4%
True
27.9%
CHILDREN: Melanie Griffith is the daughter of Tippi Hedren True
64.9%
False
29.4%
ART: 'The Thinker' was a sculpture by Edgar Degas False
63%
True
31.3%
CARTOONS: Tom from 'Tom and Jerry' was originally known as Jasper True
61.4%
False
33.2%
MARRIAGES: Katharine Hepburn married Humphrey Bogart False
58.8%
True
35.5%
CELEBRITY: Bob Hope lived to be 100 True
57.7%
False
36.9%
THEATER: The Old Vic is a famous theater on Broadway False
55.4%
True
39%
CELEBRITY: Zsa Zsa Gabor was born in Warsaw False
41%
True
53.3%
DANCE: The foxtrot and the waltz are both in triple time False
40.5%
True
54.1%
CINEMA: The Bollywood film industry is based in Madras, India False
38.8%
True
55.7%
CELEBRITY: Liberace died in the 1990s False
36.9%
True
57.6%

You're not logged in!

Compare scores with friends on all Sporcle quizzes.
OR
Log In

Show Comments

Extras

Top Quizzes Today


Score Distribution

Your Account Isn't Verified!

In order to create a playlist on Sporcle, you need to verify the email address you used during registration. Go to your Sporcle Settings to finish the process.

Report this User

Report this user for behavior that violates our Community Guidelines.

Details: